01154nam a2200193Ia 4500001001100000003001000011008004100021040002500062041001300087100001700100245010900117250001100226260006200237300001200299500026000311501011400571520026000685650001500945L513-25855IT-CnALBA170116s9999||||xx |||||||||||||| ||und|| aIT-CnALBAcIT-CnALBA aITALIANO aFRÈ SILVIO 0aMATEMATICA DEL CREDITO DELLA RICERCA E DELLA PREVIDENZA. VOL. III. COMLEMENTI DI MATEMATICA ATTUARIALE.  a8a ed. a TO GENOVAbLATTES S. & C. EDITORI c1972 [1° Ed.: n.d.] a316 p.  a... APPLICAZIONI DI MATEMATICHE AZIENDALI. SECONDA RISTAMPA. RISERVA MATEMATICA E OPERAZIONI CON LE POLIZZE. ASSICURAZIONI CONTRO I DANNI. COASSICURAZIONE E RIASSICURAZIONE. APPLICAZIONI MATEMATICHE MODERNE IN CAMPO COMMERCIALE E INDUSTRIALE. TAVOLA DEMOG aSocietà San Paolo EM - Piazza San Paolo, 14 - 12051 ALBA (CN) (non commercial uses only) ® Copyright 2017 a... APPLICAZIONI DI MATEMATICHE AZIENDALI. SECONDA RISTAMPA. RISERVA MATEMATICA E OPERAZIONI CON LE POLIZZE. ASSICURAZIONI CONTRO I DANNI. COASSICURAZIONE E RIASSICURAZIONE. APPLICAZIONI MATEMATICHE MODERNE IN CAMPO COMMERCIALE E INDUSTRIALE. TAVOLA DEMOG aARITMETICA